Estudios sobre la masonería y el compañerazgo / (Record no. 187563)

MARC details
000 -LEADER
campo de control de longitud fija 00792nam a2200253 i 4500
001 - NÚMERO DE CONTROL
campo de control 187563
003 - IDENTIFICADOR DE NÚMERO DE CONTROL
campo de control ES-MaACL
005 - FECHA Y HORA DE LA ÚLTIMA TRANSACCIÓN
campo de control 20250814054356.0
008 - DATOS DE LONGITUD FIJA--INFORMACIÓN GENERAL
campo de control de longitud fija 171129s2010 sp a |||| | spa d
020 ## - NÚMERO INTERNACIONAL ESTÁNDAR DEL LIBRO
Número Internacional Estándar del Libro 978-84-96808-58-4
080 ## - NÚMERO DE LA CLASIFICACIÓN DECIMAL UNIVERSAL
Número de la Clasificación Decimal Universal 061.236.6
100 1# - ENTRADA PRINCIPAL--NOMBRE DE PERSONA
Nombre de persona Guénon, René,
Fechas asociadas al nombre 1886-1951
9 (RLIN) 60441
245 10 - MENCIÓN DEL TÍTULO
Título Estudios sobre la masonería y el compañerazgo /
Mención de responsabilidad, etc. René Guenón ; [traducción, J. Alexander].
250 ## - MENCION DE EDICION
Mención de edición 1ª ed.
260 ## - PUBLICACIÓN, DISTRIBUCIÓN, ETC.
Lugar de publicación, distribución, etc. Madrid :
Nombre del editor, distribuidor, etc. Sanz y Torres,
Fecha de publicación, distribución, etc. 2010.
300 ## - DESCRIPCIÓN FÍSICA
Extensión 482 p. :
Otras características físicas il. ;
Dimensiones 21 cm.
490 1# - MENCIÓN DE SERIE
Mención de serie Ignitus
610 24 - PUNTO DE ACCESO ADICIONAL DE MATERIA--NOMBRE DE ENTIDAD CORPORATIVA
Nombre de entidad corporativa o nombre de jurisdicción como elemento de entrada Masonería
9 (RLIN) 5658
700 1# - ENTRADA AGREGADA--NOMBRE PERSONAL
Nombre de persona Alexander, J.
9 (RLIN) 163857
830 0# - PUNTO DE ACCESO ADICIONAL DE SERIE-TÍTULO UNIFORME
Título uniforme Ignitus
9 (RLIN) 192800
852 ## - LOCALIZACIÓN
Ubicación ES-MaACL
Número de control de estantería A-14094
itemnumber 194649
Sublocalización o colección R.151486
Ubicación en estantería Depósito 1
Signatura antigua Olim: N-7094
942 ## - ELEMENTOS DE ENTRADA SECUNDARIOS (KOHA)
Fuente del sistema de clasificación o colocación Clasificación decimal universal
Tipo de ítem Koha Libro impreso
Holdings
Estatus retirado Estado de pérdida Fuente del sistema de clasificación o colocación Estado de daño No para préstamo Biblioteca de origen Biblioteca actual Ubicación en estantería Fecha de adquisición Fuente de adquisición Total de préstamos Signatura topográfica completa Código de barras Visto por última vez Precio de reemplazo Tipo de ítem Koha
    Clasificación decimal universal     Biblioteca del Ateneo de Madrid Biblioteca del Ateneo de Madrid Depósito 1 29/11/2017 Donación   A-14094 1198107 23/02/2023 23/02/2023 Libro impreso